zpět

Detail výsledku týmu

Bar RETRO, Zábřeh na Moravě

Datum a čas kvízu

34.5 Celkem bodů Celkový počet nahraných bodů na tomto kvízu bez doplňovacích otázek.
2. Pořadí na kvízu Konečné umístění týmu na tomto kvízu.

Zaznamenané odpovědi

# Otázka Odpověď Body Výsledky
1. Největší český online prodejce... Rohlik(.cz), Rabbit (CZ) 0.5
2. Letadlo ruského ministra zahra... v Brazílii 1
3. V úterý jsme se dozvěděli, že... Blade Runner 0
4. Španělská policie zatkla na ji... s viagrou (lékem na potenci) 0
5. 34letý trojnásobný mistr světa... Peter Sagan 1
6. Součástí televizního programu... Hodina pravdy 1
7. Která veřejně známá osobnost z... Ladislav Zibura 1
8. Napište název televizní soutěž... Kufr 1
9. V dnešní době je velmi populár... 1D 2C 3A 4B 1
10. Kdo z uvedených nikdy nemodero... D 1